| 000 | 00613nam a2200205 a 4500 | ||
|---|---|---|---|
| 001 | 000007544 | ||
| 005 | 20210616135553.0 | ||
| 008 | 090909s1999 dr a 001 0 spa d | ||
| 040 | _aDO-SdBNP | ||
| 082 |
_a796.83 _bN714d |
||
| 100 | 1 |
_aNina Gómez, Carlos _96492 |
|
| 245 | 1 | 4 |
_aLos diez mejores en la historia del boxeo / _cCarlos Nina Gómez ; prólogo Chú García. |
| 250 | _a2a ed. | ||
| 260 |
_aSanto Domingo, : _bCollado, _c1999. |
||
| 300 |
_a343 p. : _bil ; _c22 cm. |
||
| 650 | 4 |
_aBoxeadores _xBiográfias _920946 |
|
| 650 | 4 |
_aBoxeo _920931 |
|
| 700 | 1 |
_aGarcía, Chú _epról. _920947 |
|
| 049 | _aBNPD | ||
| 999 |
_c7325 _d7325 |
||